[Event "XII Festival A"]
[Site "Cesenatico ITA"]
[Date "2007.09.05"]
[Round "5"]
[White "Gromovs, Sergejs"]
[Black "Rausis, Igors"]
[Result "0-1"]
[WhiteElo "2368"]
[BlackElo "2524"]
[PlyCount "48"]
[EventDate "2007.09.01"]

1. d4 d5 2. c4 dxc4 3. Nf3 Nf6 4. Nc3 a6 5. a4 Nc6 6. e4 Bg4 7. Be3 Bxf3 8.
gxf3 e5 9. d5 Na5 10. f4 Bd6 11. fxe5 Bxe5 12. Bg2 Qd6 13. h4 h5 14. Bf3 O-O-O
15. Rg1 Rhe8 16. Kf1 g6 17. Rb1 Bxc3 18. bxc3 Nxe4 19. Qc2 Qxd5 20. Kg2 Qd3 21.
Qb2 Qxc3 22. Qa2 Rd2 23. Bxd2 Nxd2 24. Bd5 Qd3 0-1

[Event "XII Festival A"]
[Site "Cesenatico ITA"]
[Date "2007.09.05"]
[Round "5"]
[White "Hess, Christian Mathias"]
[Black "Ninov, Nikolai Ivanov"]
[Result "1-0"]
[WhiteElo "2303"]
[BlackElo "2536"]
[PlyCount "57"]
[EventDate "2007.09.01"]

1. Nf3 c5 2. c4 Nc6 3. Nc3 Nf6 4. d4 cxd4 5. Nxd4 e6 6. Ndb5 d5 7. Bf4 d4 8.
Nc7+ Ke7 9. N3b5 Rb8 10. e3 g5 11. Bxg5 a6 12. Qf3 Bg7 13. exd4 axb5 14. Nxb5
Ra8 15. a4 Nxd4 16. Qa3+ Ke8 17. Nd6+ Kd7 18. O-O-O e5 19. Nf5 Bf8 20. c5 Ke6
21. Nxd4+ exd4 22. Bc4+ Kf5 23. Qg3 Ra5 24. Qf4+ Kg6 25. Bd3+ Ne4 26. Bxe4+ f5
27. Bxd8 Bh6 28. Qxh6+ Kxh6 29. Bxa5 1-0

[Event "XII Festival A"]
[Site "Cesenatico ITA"]
[Date "2007.09.05"]
[Round "5"]
[White "Klocker, Benedikt"]
[Black "Calzetta Ruiz, Monica"]
[Result "0-1"]
[WhiteElo "2106"]
[BlackElo "2278"]
[PlyCount "60"]
[EventDate "2007.09.01"]

1. e4 c5 2. Nf3 Nf6 3. Nc3 d5 4. exd5 Nxd5 5. Bb5+ Bd7 6. Ne5 Bxb5 7. Qf3 f6 8.
Nxb5 Na6 9. Qh5+ g6 10. Nxg6 hxg6 11. Qxh8 Qd7 12. Qg8 O-O-O 13. Na3 Bh6 14.
Qf7 Rf8 15. Qh7 Qe6+ 16. Kd1 Qg4+ 17. f3 Qxg2 18. Qxh6 Qxf3+ 19. Ke1 Qxh1+ 20.
Kf2 Rd8 21. d3 f5 22. Rb1 Nf6 23. Qxg6 Ng4+ 24. Ke2 Qxh2+ 25. Kd1 Qg1+ 26. Ke2
Qg2+ 27. Ke1 Rh8 28. Qe6+ Kd8 29. Qe2 Qg3+ 30. Kd1 Rh1+ 0-1

[Event "XII Festival A"]
[Site "Cesenatico ITA"]
[Date "2007.09.05"]
[Round "5"]
[White "Mauro, Alan"]
[Black "Skembris, Spyridon"]
[Result "0-1"]
[WhiteElo "2195"]
[BlackElo "2465"]
[PlyCount "48"]
[EventDate "2007.09.01"]

1. e4 c5 2. Nf3 Nc6 3. d4 cxd4 4. Nxd4 Qb6 5. Nxc6 bxc6 6. Bd3 e5 7. O-O Nf6 8.
Nd2 Be7 9. b3 O-O 10. Bb2 d6 11. Nc4 Qc7 12. f4 exf4 13. e5 Nd5 14. exd6 Bxd6
15. Bxh7+ Kxh7 16. Qh5+ Kg8 17. Bxg7 Bc5+ 18. Kh1 f6 19. Qh8+ Kf7 20. Bxf8 Bxf8
21. Rae1 Bf5 22. Ne5+ fxe5 23. Rxe5 Bg6 24. c4 Nf6 0-1

[Event "XII Festival A"]
[Site "Cesenatico ITA"]
[Date "2007.09.05"]
[Round "5"]
[White "Molina, Fabrizio"]
[Black "Rotstein, Arkadij"]
[Result "0-1"]
[WhiteElo "2260"]
[BlackElo "2515"]
[PlyCount "64"]
[EventDate "2007.09.01"]

1. c4 e5 2. Nc3 d6 3. g3 f5 4. d3 Nf6 5. Bg2 Be7 6. e3 O-O 7. Nge2 c6 8. O-O
Na6 9. b3 Qe8 10. Qd2 Bd7 11. f4 Qh5 12. Bb2 Rae8 13. Ba3 Nc5 14. b4 Ne6 15.
Rab1 a6 16. d4 exd4 17. exd4 Nc7 18. d5 cxd5 19. cxd5 Bd8 20. Bf3 Ng4 21. Nd4
Bf6 22. Bxg4 fxg4 23. b5 Nxd5 24. bxa6 Nxc3 25. Qxc3 Qd5 26. Rfd1 bxa6 27. Qb3
Qxb3 28. Rxb3 Ba4 29. Bxd6 Rf7 30. Nf5 Rd7 31. Rd5 Bxb3 32. axb3 Red8 0-1

[Event "XII Festival A"]
[Site "Cesenatico ITA"]
[Date "2007.09.05"]
[Round "5"]
[White "Naumkin, Igor"]
[Black "Tomba, Ivan"]
[Result "1/2-1/2"]
[WhiteElo "2490"]
[BlackElo "2244"]
[PlyCount "88"]
[EventDate "2007.09.01"]

1. d4 d5 2. c4 c6 3. Nf3 Nf6 4. Nc3 a6 5. e3 b5 6. c5 Nbd7 7. h3 Qc7 8. a3 a5
9. Bd2 g6 10. b4 axb4 11. axb4 Rxa1 12. Qxa1 Bg7 13. Be2 O-O 14. O-O Bb7 15.
Bd3 Ra8 16. Qb2 e5 17. dxe5 Nxe5 18. Nxe5 Qxe5 19. Ra1 Qb8 20. Rxa8 Qxa8 21.
Qa2 Qxa2 22. Nxa2 Nd7 23. Bc3 Ne5 24. Be2 f6 25. Nc1 Bc8 26. Nb3 Bd7 27. Bd1
Kf7 28. Bc2 Nc4 29. Kf1 f5 30. Bxg7 Kxg7 31. Ke2 Kf6 32. Bd3 Ne5 33. Kd2 Nf7
34. Nd4 Nd8 35. h4 h6 36. Kc3 Ne6 37. Nxe6 Bxe6 38. Kd4 g5 39. g3 g4 40. Be2
Bf7 41. f3 gxf3 42. Bxf3 h5 43. Be2 Ke6 44. Bd1 Be8 1/2-1/2

[Event "XII Festival A"]
[Site "Cesenatico ITA"]
[Date "2007.09.05"]
[Round "5"]
[White "Novkovic, Julia"]
[Black "Lucchi, Lorenzo"]
[Result "0-1"]
[WhiteElo "2144"]
[BlackElo "1948"]
[PlyCount "114"]
[EventDate "2007.09.01"]

1. e4 d6 2. d4 Nf6 3. Nc3 e5 4. dxe5 dxe5 5. Qxd8+ Kxd8 6. Bc4 Be6 7. Bxe6 fxe6
8. Bd2 Bd6 9. O-O-O Nbd7 10. h4 Ke7 11. Nh3 h6 12. Rhe1 Rhf8 13. Nb5 Nc5 14. f3
a6 15. Na3 b5 16. Nf2 Rad8 17. c4 Na4 18. Nc2 bxc4 19. Nb4 Nxb2 20. Nc6+ Kd7
21. Kxb2 Kxc6 22. Rc1 Bc5 23. Re2 Rb8+ 24. Ka1 Bd4+ 25. Bc3 Rb4 26. Nd1 Rfb8
27. Nb2 Bxc3 28. Rxc3 Nh5 29. a3 R4b5 30. Nxc4 Kd7 31. Rd2+ Ke7 32. Ne3 R8b7
33. Rc6 R5b6 34. Rc5 Rb5 35. Rc6 Rb3 36. Nc4 Nf4 37. Ka2 Nd3 38. Rc2 Rb1 39.
Rxc7+ Rxc7 40. Kxb1 Ne1 41. Re2 Nxf3 42. gxf3 Rxc4 43. Kb2 Kd6 44. Rd2+ Ke7 45.
Rg2 Kf6 46. Rg1 Rc7 47. Kb3 Rb7+ 48. Kc3 a5 49. Rg2 a4 50. Rb2 Rxb2 51. Kxb2 g5
52. h5 g4 53. fxg4 Kg5 54. Kc3 Kxg4 55. Kb4 Kf4 56. Kxa4 Kxe4 57. Kb5 Kd4 0-1

[Event "XII Festival A"]
[Site "Cesenatico ITA"]
[Date "2007.09.05"]
[Round "5"]
[White "Rizzardi, Franco"]
[Black "Del Nevo, Claudio"]
[Result "1-0"]
[WhiteElo "2107"]
[BlackElo "1897"]
[PlyCount "61"]
[EventDate "2007.09.01"]

1. e4 d6 2. d4 Nf6 3. Nc3 g6 4. f4 Bg7 5. Nf3 c6 6. Bd3 Nbd7 7. e5 dxe5 8. dxe5
Nd5 9. Nxd5 cxd5 10. Be3 e6 11. O-O O-O 12. Qe1 a6 13. Qg3 b5 14. Qh3 Nb6 15.
Bc5 Re8 16. b3 Bb7 17. Ng5 h6 18. Nf3 Nc8 19. Rae1 Ne7 20. g4 b4 21. Rf2 a5 22.
Bb5 Bc6 23. Bxe7 Rxe7 24. Bxc6 Rc8 25. Bb5 Rec7 26. Bd3 Qd7 27. Nd4 Rc5 28. f5
g5 29. fxe6 fxe6 30. Qh5 Qe8 31. Bg6 1-0

[Event "XII Festival A"]
[Site "Cesenatico ITA"]
[Date "2007.09.06"]
[Round "6"]
[White "Casadei, Mauro"]
[Black "Ninov, Nikolai Ivanov"]
[Result "0-1"]
[WhiteElo "2169"]
[BlackElo "2536"]
[PlyCount "34"]
[EventDate "2007.09.01"]

1. e4 d5 2. exd5 Qxd5 3. Nc3 Qa5 4. d4 Nf6 5. Nf3 Bf5 6. Bd2 Nbd7 7. b4 Qb6 8.
a4 a6 9. a5 Qd6 10. b5 c5 11. bxc6 Qxc6 12. Bd3 Bxd3 13. cxd3 e6 14. O-O Be7
15. Ne5 Qd6 16. Qa4 O-O 17. Bf4 b5 0-1

[Event "XII Festival A"]
[Site "Cesenatico ITA"]
[Date "2007.09.06"]
[Round "6"]
[White "Emami, Madjid"]
[Black "Mrdja, Milan"]
[Result "0-1"]
[WhiteElo "2071"]
[BlackElo "2385"]
[PlyCount "68"]
[EventDate "2007.09.01"]

1. Nf3 Nf6 2. g3 g6 3. Bg2 Bg7 4. O-O O-O 5. d3 d5 6. c3 c5 7. a3 b6 8. b4 Bb7
9. Qb3 Nbd7 10. Nbd2 Qc7 11. Rb1 Rac8 12. c4 d4 13. a4 e5 14. a5 bxa5 15. bxc5
Nxc5 16. Qc2 Rfe8 17. Ba3 Nfd7 18. Nb3 Nxb3 19. Rxb3 Bc6 20. Rfb1 Bf8 21. Bxf8
Kxf8 22. Qd2 Kg7 23. e3 dxe3 24. fxe3 f6 25. Bh3 Rb8 26. Rxb8 Rxb8 27. Bxd7
Bxd7 28. Qf2 Bh3 29. Re1 a4 30. d4 e4 31. Nd2 Rb2 32. Ra1 Qa5 33. Qf4 Rxd2 34.
Qxe4 Qf5 0-1

[Event "XII Festival A"]
[Site "Cesenatico ITA"]
[Date "2007.09.06"]
[Round "6"]
[White "Lucchi, Lorenzo"]
[Black "Nannelli, Paolo"]
[Result "0-1"]
[WhiteElo "1948"]
[BlackElo "2173"]
[PlyCount "94"]
[EventDate "2007.09.01"]

1. e4 c6 2. d3 d5 3. Nd2 e5 4. Ngf3 Bd6 5. g3 Nf6 6. exd5 cxd5 7. Bg2 Nc6 8.
O-O O-O 9. Re1 Re8 10. c4 d4 11. Ne4 Nxe4 12. Rxe4 Bf5 13. Re1 h6 14. Nh4 Be6
15. Be4 Qd7 16. a3 Rab8 17. b4 a6 18. Ng2 f5 19. Bxc6 Qxc6 20. f4 e4 21. c5 Be7
22. Bb2 Rbd8 23. Qe2 e3 24. Rf1 Bf6 25. Ne1 Qd5 26. Rc1 Bd7 27. Qg2 Qb3 28. Qe2
Bb5 29. Rd1 Bc6 30. Nf3 Qd5 31. Rc1 g5 32. Qg2 g4 33. Ne1 e2 34. Qxd5+ Bxd5 35.
Rf2 Re3 36. Rc2 Bb3 37. Rcxe2 Rde8 38. Rxe3 Rxe3 39. Kf1 Kf7 40. Re2 Rxe2 41.
Kxe2 Ke6 42. Kd2 Kd5 43. Nc2 h5 44. Kc1 Bxc2 45. Kxc2 h4 46. Kd2 h3 47. Bc1 Bh4
0-1

[Event "XII Festival A"]
[Site "Cesenatico ITA"]
[Date "2007.09.06"]
[Round "6"]
[White "Ori, Marco"]
[Black "Froewis, Georg"]
[Result "1/2-1/2"]
[WhiteElo "2144"]
[BlackElo "2208"]
[PlyCount "49"]
[EventDate "2007.09.01"]

1. e4 c5 2. Nf3 d6 3. Bb5+ Nd7 4. O-O a6 5. Bxd7+ Bxd7 6. d4 cxd4 7. Qxd4 e5 8.
Qd3 Nf6 9. c4 h6 10. Nc3 Be7 11. h3 O-O 12. Be3 Rc8 13. Rac1 Qa5 14. Rfd1 b5
15. c5 dxc5 16. Nxe5 Be6 17. Nd5 Bxd5 18. exd5 Rfd8 19. Qf5 Qc7 20. Nc6 Qd7 21.
Qxd7 Rxd7 22. Nxe7+ Rxe7 23. Rxc5 Rxc5 24. Bxc5 Re5 25. g3 1/2-1/2

[Event "XII Festival A"]
[Site "Cesenatico ITA"]
[Date "2007.09.06"]
[Round "6"]
[White "Ortega, Lexy"]
[Black "Scipioni, Gaetano"]
[Result "1-0"]
[WhiteElo "2435"]
[BlackElo "2121"]
[PlyCount "45"]
[EventDate "2007.09.01"]

1. d4 Nf6 2. Nf3 d5 3. Bf4 c5 4. e3 Nc6 5. Nc3 Qa5 6. Qd2 a6 7. Be2 Bf5 8. dxc5
e6 9. Nd4 Bg6 10. Nb3 Qd8 11. O-O Be7 12. Rfd1 O-O 13. Na4 Ne4 14. Qe1 e5 15.
Bg3 Nxg3 16. hxg3 Bxc2 17. Rd2 Bf5 18. Nb6 Bxc5 19. Nxd5 Ba7 20. Rc1 Qg5 21.
Bxa6 Bxe3 22. Qxe3 Qxe3 23. Nxe3 1-0

[Event "XII Festival A"]
[Site "Cesenatico ITA"]
[Date "2007.09.06"]
[Round "6"]
[White "Rausis, Igors"]
[Black "Popchev, Milko"]
[Result "1-0"]
[WhiteElo "2524"]
[BlackElo "2456"]
[PlyCount "69"]
[EventDate "2007.09.01"]

1. e4 e5 2. Nf3 Nf6 3. d4 Nxe4 4. Bd3 d5 5. Nxe5 Nd7 6. Nxd7 Bxd7 7. O-O Qh4 8.
c4 O-O-O 9. c5 Be7 10. Nc3 Bf6 11. Ne2 Ng5 12. Be3 Rhe8 13. Qd2 Bh3 14. Bxg5
Bxg5 15. f4 Bf6 16. gxh3 Qxh3 17. Rf2 g6 18. Ng3 Kb8 19. Bf1 Qg4 20. Re2 Re4
21. Rxe4 dxe4 22. d5 g5 23. fxg5 Bxg5 24. Qe2 Qxe2 25. Bxe2 Be3+ 26. Kg2 Bxc5
27. Nxe4 Bd4 28. Rf1 Bxb2 29. Rxf7 a6 30. Bc4 b5 31. Bb3 a5 32. d6 c6 33. Rxh7
a4 34. Be6 b4 35. Nc5 1-0

[Event "XII Festival A"]
[Site "Cesenatico ITA"]
[Date "2007.09.06"]
[Round "6"]
[White "Roeder, Matthias"]
[Black "Salvador, Roland"]
[Result "1/2-1/2"]
[WhiteElo "2444"]
[BlackElo "2461"]
[PlyCount "48"]
[EventDate "2007.09.01"]

1. Nf3 Nf6 2. c4 e6 3. b3 d5 4. Bb2 Be7 5. g3 O-O 6. Bg2 c6 7. d3 Nbd7 8. Nbd2
Re8 9. O-O a5 10. a3 Nc5 11. Qc2 b6 12. Ne5 Bb7 13. d4 Ncd7 14. e4 Rc8 15. Rac1
c5 16. exd5 exd5 17. Ndf3 cxd4 18. Nxf7 Qc7 19. N7g5 dxc4 20. bxc4 Bc5 21. Nxd4
Bxg2 22. Kxg2 Ne5 23. f3 Qb7 24. Rfe1 h6 1/2-1/2

[Event "XII Festival A"]
[Site "Cesenatico ITA"]
[Date "2007.09.06"]
[Round "6"]
[White "Stiller, Juergen"]
[Black "Gaiba, Paolo"]
[Result "1-0"]
[WhiteElo "2241"]
[BlackElo "2140"]
[PlyCount "53"]
[EventDate "2007.09.01"]

1. Nf3 c5 2. g3 Nc6 3. Bg2 Nf6 4. O-O d5 5. d3 Bg4 6. Nbd2 Qd7 7. e4 Bh3 8. e5
Bxg2 9. Kxg2 Ng4 10. Re1 Qf5 11. Qe2 g6 12. h3 Nh6 13. c4 Nb4 14. Rd1 Nxd3 15.
cxd5 Bg7 16. Ne4 Nxc1 17. Raxc1 b6 18. d6 O-O 19. dxe7 Rfe8 20. Nd6 Qe6 21.
Nxe8 Rxe8 22. Qb5 Rxe7 23. Rd8+ Bf8 24. a4 Nf5 25. b4 Qa2 26. bxc5 bxc5 27. Qb8
1-0

[Event "XII Festival A"]
[Site "Cesenatico ITA"]
[Date "2007.09.06"]
[Round "6"]
[White "Tomba, Ivan"]
[Black "Gromovs, Sergejs"]
[Result "1/2-1/2"]
[WhiteElo "2244"]
[BlackElo "2368"]
[PlyCount "107"]
[EventDate "2007.09.01"]

1. e4 g6 2. d4 Bg7 3. Nc3 d6 4. f4 Nf6 5. Nf3 O-O 6. Bd3 Na6 7. O-O c5 8. d5
Nc7 9. Qe1 Bd7 10. a4 a6 11. a5 Bb5 12. f5 Bxd3 13. cxd3 Nb5 14. Qh4 Nd4 15.
Bh6 Nxf3+ 16. Rxf3 Bxh6 17. Qxh6 Ng4 18. Qh4 Ne5 19. Rh3 h5 20. Qg5 Kh7 21. Ne2
Rh8 22. Nf4 Kg8 23. fxg6 f6 24. Qf5 Qc8 25. Ne6 h4 26. g3 Rh6 27. g7 c4 28.
Rxh4 Rxh4 29. gxh4 cxd3 30. h5 Nf7 31. Rd1 Qc2 32. Qf1 d2 33. Qe2 Ne5 34. h6
Kh7 35. Nf8+ Kg8 36. Ne6 Rc8 37. Kf2 Nf7 38. Rxd2 Qc1 39. Qe3 Ne5 40. Kg2 Nf7
41. Nd4 Kh7 42. Nf5 Rc2 43. Rxc2 Qxc2+ 44. Kg1 Qb1+ 45. Kf2 Qxb2+ 46. Qe2 Qe5
47. Qg4 Ng5 48. h4 Nxe4+ 49. Kg2 Qxd5 50. Nxe7 Qa2+ 51. Kf3 Nd2+ 52. Kf4 Qa4+
53. Kf5 Qd7+ 54. Kf4 1/2-1/2

[Event "XII Festival A"]
[Site "Cesenatico ITA"]
[Date "2007.09.07"]
[Round "7"]
[White "Froewis, Georg"]
[Black "Lagrotteria, Salvatore"]
[Result "1-0"]
[WhiteElo "2208"]
[BlackElo "2199"]
[PlyCount "83"]
[EventDate "2007.09.01"]

1. e4 c5 2. Nf3 d6 3. d4 cxd4 4. Nxd4 Nf6 5. Nc3 a6 6. Be3 e6 7. g4 h6 8. Bg2
Qc7 9. h3 Nc6 10. f4 Bd7 11. Qf3 Nxd4 12. Bxd4 Bc6 13. O-O-O O-O-O 14. Qf2 Nd7
15. h4 Kb8 16. Kb1 Rc8 17. Rh3 Rg8 18. g5 Be7 19. Bf1 Rgf8 20. Nd5 exd5 21.
exd5 Ba4 22. b3 hxg5 23. hxg5 f6 24. Re1 Nc5 25. bxa4 fxg5 26. f5 Bf6 27. Bxc5
dxc5 28. Re6 Rcd8 29. Bg2 Rd6 30. Rb3 Rfd8 31. c4 Ka7 32. Qe1 b6 33. Qg3 Qd7
34. a5 b5 35. Qe3 Rc8 36. cxb5 axb5 37. Rxd6 Qxd6 38. Rxb5 Qf4 39. Qe6 Rb8 40.
Qd7+ Ka6 41. Qc6+ Ka7 42. Qxc5+ 1-0

[Event "XII Festival A"]
[Site "Cesenatico ITA"]
[Date "2007.09.07"]
[Round "7"]
[White "Hiermann, Dietmar"]
[Black "Rotoni, Matteo"]
[Result "1-0"]
[WhiteElo "2278"]
[BlackElo "2074"]
[PlyCount "59"]
[EventDate "2007.09.01"]

1. e4 e6 2. d4 d5 3. Nc3 Bb4 4. e5 Bd7 5. Nf3 c5 6. a3 Bxc3+ 7. bxc3 Ba4 8. Bd3
Nd7 9. O-O b5 10. Re1 Ne7 11. dxc5 Nxc5 12. Bf1 Ne4 13. Ng5 Nxg5 14. Bxg5 Qc7
15. Bd2 a6 16. Bd3 h5 17. Re3 g6 18. Qe2 Nf5 19. Rh3 O-O-O 20. Rb1 Ne7 21. Rh4
Nc6 22. Rxa4 bxa4 23. Bxa6+ Kd7 24. Rb7 Rb8 25. Rxc7+ Kxc7 26. h4 Rb1+ 27. Kh2
Ra1 28. Qb5 Rb8 29. Qc5 Rb6 30. Qd6# 1-0

[Event "XII Festival A"]
[Site "Cesenatico ITA"]
[Date "2007.09.07"]
[Round "7"]
[White "Kuran, Avelino"]
[Black "Estremera Panos, Sergio"]
[Result "0-1"]
[WhiteElo "2069"]
[BlackElo "2375"]
[PlyCount "76"]
[EventDate "2007.09.01"]

1. e4 c5 2. Nf3 Nc6 3. d4 cxd4 4. Nxd4 Nf6 5. Nc3 d6 6. f3 e5 7. Nb3 Be7 8. Be3
Be6 9. Nd5 Bxd5 10. exd5 Nb4 11. Bb5+ Kf8 12. c4 a6 13. Qd2 axb5 14. Qxb4 Qd7
15. a4 bxc4 16. Qxc4 h6 17. O-O g6 18. Nd2 Ra5 19. b4 Rxd5 20. Ne4 Qe6 21. Nc3
Rd1 22. Qb5 Rxf1+ 23. Kxf1 Kg7 24. Qxb7 Qc4+ 25. Ne2 Nd5 26. Bd2 Bg5 27. Rc1
Qd3 28. Bxg5 hxg5 29. h3 Rh4 30. Qb5 Qxb5 31. axb5 Rxb4 32. Rc6 Rb1+ 33. Kf2
Rb2 34. Ke1 Ne3 35. g3 d5 36. Rc5 d4 37. Rxe5 Rb1+ 38. Kd2 Rd1# 0-1

[Event "XII Festival A"]
[Site "Cesenatico ITA"]
[Date "2007.09.07"]
[Round "7"]
[White "Mariani, Remo"]
[Black "Zavatta, Turio"]
[Result "0-1"]
[WhiteElo "1907"]
[BlackElo "1849"]
[PlyCount "64"]
[EventDate "2007.09.01"]

1. e4 c5 2. Nf3 Nc6 3. d4 cxd4 4. Nxd4 Nf6 5. Nc3 d6 6. Bg5 a6 7. f4 Qc7 8.
Bxf6 gxf6 9. Be2 h5 10. Nb3 h4 11. f5 e6 12. fxe6 Bxe6 13. O-O h3 14. Nd5 Bxd5
15. exd5 Ne5 16. Rxf6 hxg2 17. Kxg2 Be7 18. Rf5 O-O-O 19. Bg4 Kb8 20. h3 Rdg8
21. Rf4 f5 22. Rxf5 Qc4 23. Rxe5 dxe5 24. Qd3 Qf4 25. Qf3 Qc4 26. Qd3 Rxg4+ 27.
hxg4 Qxg4+ 28. Qg3 Qe2+ 29. Kg1 Bd6 30. Nd4 Qe4 31. Nf3 Bc5+ 32. Kg2 Qe2+ 0-1

[Event "XII Festival A"]
[Site "Cesenatico ITA"]
[Date "2007.09.07"]
[Round "7"]
[White "Ninov, Nikolai Ivanov"]
[Black "Molina, Fabrizio"]
[Result "1-0"]
[WhiteElo "2536"]
[BlackElo "2260"]
[PlyCount "59"]
[EventDate "2007.09.01"]

1. e4 e6 2. d4 d5 3. Nd2 Be7 4. e5 Nh6 5. Ndf3 Nf5 6. g4 Nh4 7. Nxh4 Bxh4 8. g5
Bxg5 9. Qg4 Bxc1 10. Qxg7 Rf8 11. Rxc1 Qh4 12. Ne2 Nc6 13. c3 Ne7 14. Qg3 Qe4
15. Bg2 Qf5 16. Qh3 Bd7 17. Qxf5 Nxf5 18. Bh3 Nh4 19. Nf4 f5 20. Ke2 Ke7 21.
Rhg1 Rf7 22. Ke3 Bb5 23. b3 c5 24. dxc5 Rc8 25. a4 Bd7 26. Bf1 Rxc5 27. Be2 Kf8
28. Bh5 Rg7 29. Rg3 b5 30. Kd4 1-0

[Event "XII Festival A"]
[Site "Cesenatico ITA"]
[Date "2007.09.07"]
[Round "7"]
[White "Novkovic, Julia"]
[Black "Klocker, Daniel"]
[Result "1-0"]
[WhiteElo "2144"]
[BlackElo "2076"]
[PlyCount "55"]
[EventDate "2007.09.01"]

1. e4 e5 2. Nc3 Nc6 3. Bc4 Nf6 4. d3 Bc5 5. a3 O-O 6. Bg5 d6 7. Nd5 Kh8 8. c3
Be6 9. Nxf6 gxf6 10. Bh4 Rg8 11. Qf3 Rg6 12. h3 Qe7 13. g4 Bxc4 14. dxc4 Qe6
15. Qd3 Bb6 16. Nf3 Kg7 17. O-O-O Rh8 18. Bg3 Kf8 19. Nh4 Rgg8 20. b4 Ne7 21.
Nf5 Nxf5 22. gxf5 Qc8 23. Bh4 Ke7 24. c5 dxc5 25. Qd5 Rd8 26. Qxe5+ Kf8 27.
Qxf6 Rd6 28. Qxh8# 1-0

[Event "XII Festival A"]
[Site "Cesenatico ITA"]
[Date "2007.09.07"]
[Round "7"]
[White "Pipitone, Antonio"]
[Black "Opacic, Alexandar"]
[Result "1-0"]
[WhiteElo "2020"]
[BlackElo "2109"]
[PlyCount "74"]
[EventDate "2007.09.01"]

1. e4 c5 2. Nf3 Nc6 3. d4 cxd4 4. Nxd4 e6 5. Nc3 Nf6 6. Bg5 h6 7. Bxf6 Qxf6 8.
Nxc6 bxc6 9. Be2 Bb4 10. Qd3 a5 11. Qe3 Bxc3+ 12. Qxc3 Qxc3+ 13. bxc3 d5 14.
exd5 cxd5 15. Rb1 O-O 16. a4 Ba6 17. Bb5 Rfb8 18. Kd2 Bxb5 19. axb5 Rb6 20. Rb2
Kf8 21. Kd3 Ke7 22. c4 dxc4+ 23. Kxc4 Rc8+ 24. Kd3 Rd6+ 25. Ke2 Kd7 26. Ra1 Ra8
27. Rba2 Rd5 28. Rxa5 Rc8 29. R1a2 Kd6 30. Ra6+ Kc5 31. b6 Rb8 32. R6a5+ Kc6
33. Rxd5 Kxd5 34. Ra7 Rf8 35. Rc7 g5 36. c4+ Ke4 37. f3+ Kd4 1-0

[Event "XII Festival A"]
[Site "Cesenatico ITA"]
[Date "2007.09.07"]
[Round "7"]
[White "Popchev, Milko"]
[Black "Skembris, Spyridon"]
[Result "1/2-1/2"]
[WhiteElo "2456"]
[BlackElo "2465"]
[PlyCount "55"]
[EventDate "2007.09.01"]

1. d4 Nf6 2. Nf3 c5 3. e3 g6 4. Be2 Bg7 5. O-O b6 6. a4 O-O 7. a5 Bb7 8. b3 d6
9. Bb2 Na6 10. Nbd2 Qc7 11. c4 bxa5 12. d5 Rfe8 13. Ra4 Nb4 14. Qa1 Nc2 15. Qc1
Nb4 16. Bc3 Nh5 17. Bxg7 Nxg7 18. Qc3 Bc8 19. Rfa1 Bg4 20. Rxa5 a6 21. h3 Bxf3
22. Nxf3 Rab8 23. Ne1 Rb6 24. Nd3 Nxd3 25. Bxd3 Qb7 26. Bc2 Rf8 27. Bd1 Re8 28.
R5a2 1/2-1/2

[Event "XII Festival A"]
[Site "Cesenatico ITA"]
[Date "2007.09.07"]
[Round "7"]
[White "Rotstein, Arkadij"]
[Black "Rausis, Igors"]
[Result "1/2-1/2"]
[WhiteElo "2515"]
[BlackElo "2524"]
[PlyCount "115"]
[EventDate "2007.09.01"]

1. c4 Nf6 2. Nf3 b6 3. g3 Bb7 4. Bg2 c5 5. O-O e6 6. Nc3 Be7 7. Re1 Ne4 8. Nxe4
Bxe4 9. d3 Bb7 10. e4 Nc6 11. d4 Nxd4 12. Nxd4 cxd4 13. Qxd4 O-O 14. b3 Bc5 15.
Qc3 Qe7 16. Bb2 f6 17. a3 a5 18. Re2 Bc6 19. e5 f5 20. Bc1 Rad8 21. Be3 Bxe3
22. Rxe3 f4 23. Rd3 Bxg2 24. Kxg2 d5 25. cxd5 Rxd5 26. Rxd5 exd5 27. Qd4 f3+
28. Kh1 Qc5 29. Rd1 Qxd4 30. Rxd4 Rd8 31. Kg1 Kf7 32. Rf4+ Ke6 33. Rxf3 d4 34.
Kf1 Rc8 35. Ke2 Kxe5 36. Kd2 g5 37. g4 Ke4 38. Rf6 Rc3 39. Re6+ Kf3 40. Rxb6
Kxg4 41. a4 Rh3 42. b4 Rxh2 43. Ke2 d3+ 44. Kxd3 Rxf2 45. bxa5 Rf4 46. Kc3 Kf3
47. Kb3 g4 48. a6 Rf8 49. a7 Ra8 50. Rb7 h5 51. Rh7 g3 52. Rxh5 Rxa7 53. Rg5 g2
54. Kb4 Rh7 55. Rxg2 Kxg2 56. a5 Kf3 57. a6 Ke4 58. Kc5 1/2-1/2

[Event "XII Festival A"]
[Site "Cesenatico ITA"]
[Date "2007.09.08"]
[Round "8"]
[White "Kanina, Adriatik"]
[Black "Mrdja, Milan"]
[Result "0-1"]
[WhiteElo "2130"]
[BlackElo "2385"]
[PlyCount "50"]
[EventDate "2007.09.01"]

1. d4 g6 2. e4 Bg7 3. Nc3 d6 4. f4 Nf6 5. e5 Nfd7 6. Nf3 c5 7. exd6 O-O 8. dxe7
Qxe7+ 9. Be2 cxd4 10. Nb5 Nc6 11. O-O a6 12. Na3 b5 13. Nb1 Nb6 14. Bd3 Bb7 15.
Re1 Qd6 16. c3 Rad8 17. Bf1 Nd5 18. Nxd4 Nxd4 19. cxd4 Nxf4 20. Nc3 Bxd4+ 21.
Kh1 Nh3 22. Be3 Qf6 23. Qg4 Nf2+ 24. Bxf2 Qxf2 25. Be2 Bxc3 0-1

[Event "XII Festival A"]
[Site "Cesenatico ITA"]
[Date "2007.09.08"]
[Round "8"]
[White "Pantaleoni, Claudio"]
[Black "Klocker, Benedikt"]
[Result "0-1"]
[WhiteElo "2219"]
[BlackElo "2106"]
[PlyCount "95"]
[EventDate "2007.09.01"]

1. Nf3 Nf6 2. c4 g6 3. Nc3 Bg7 4. e4 d6 5. d4 O-O 6. Be2 Nc6 7. O-O e5 8. d5
Ne7 9. Ne1 Ne8 10. Be3 f5 11. f3 f4 12. Bf2 g5 13. c5 Rf7 14. a4 Bf8 15. Nb5 a6
16. cxd6 cxd6 17. Na3 Rg7 18. Nc4 Ng6 19. Nb6 Rb8 20. Rc1 h5 21. h3 Nf6 22. Qc2
Bd7 23. Qc7 Qe8 24. Nxd7 Rxd7 25. Qc4 Rg7 26. Rc3 Qd7 27. Qd3 Qxa4 28. Bb6 Ne8
29. Nc2 Qd7 30. Nb4 Be7 31. Rfc1 Bd8 32. Bf2 Nf6 33. Qc2 Ne7 34. Qb3 Rc8 35.
Nc6 Kh7 36. Nxd8 Rxc3 37. Rxc3 Qxd8 38. Bb6 Qa8 39. Qb4 Ne8 40. Qa4 Kh8 41. Bb5
Nc8 42. Rxc8 Qxc8 43. Bxe8 g4 44. fxg4 hxg4 45. Kh2 Qc1 46. hxg4 Qxb2 47. Bd8
f3 48. Kh3 0-1

[Event "XII Festival A"]
[Site "Cesenatico ITA"]
[Date "2007.09.08"]
[Round "8"]
[White "Rausis, Igors"]
[Black "Roeder, Matthias"]
[Result "1/2-1/2"]
[WhiteElo "2524"]
[BlackElo "2444"]
[PlyCount "32"]
[EventDate "2007.09.01"]

1. c4 Nf6 2. g3 c6 3. Bg2 d5 4. Nf3 dxc4 5. O-O Nbd7 6. Qc2 Nb6 7. a4 a5 8. Na3
Qd5 9. Ne1 Qd4 10. d3 Nfd5 11. dxc4 Nb4 12. Qb3 e5 13. Be3 Qd8 14. Nd3 Nd7 15.
Nxb4 Bxb4 16. Rac1 Nc5 1/2-1/2

[Event "XII Festival A"]
[Site "Cesenatico ITA"]
[Date "2007.09.08"]
[Round "8"]
[White "Salvador, Roland"]
[Black "Ninov, Nikolai Ivanov"]
[Result "1/2-1/2"]
[WhiteElo "2461"]
[BlackElo "2536"]
[PlyCount "41"]
[EventDate "2007.09.01"]

1. d4 Nf6 2. Nf3 e6 3. c4 d5 4. Nc3 c6 5. Bg5 dxc4 6. e4 b5 7. e5 h6 8. Bh4 g5
9. exf6 gxh4 10. Ne5 Qxf6 11. g3 Nd7 12. Nxc6 Bb7 13. Bg2 h3 14. Be4 Rc8 15.
Nxa7 Bxe4 16. Nxe4 Qf5 17. Nc3 b4 18. Nxc8 bxc3 19. bxc3 Qe4+ 20. Kd2 Qd3+ 21.
Ke1 1/2-1/2

[Event "XII Festival A"]
[Site "Cesenatico ITA"]
[Date "2007.09.08"]
[Round "8"]
[White "Schreiner, Richard"]
[Black "Raykhman, Alexander"]
[Result "1-0"]
[WhiteElo "2175"]
[BlackElo "2089"]
[PlyCount "93"]
[EventDate "2007.09.01"]

1. d4 Nf6 2. c4 g6 3. Nc3 Bg7 4. e4 d6 5. f3 O-O 6. Be3 c5 7. Nge2 Qa5 8. Qd2
Nc6 9. Rc1 a6 10. b3 e6 11. dxc5 dxc5 12. Na4 Nb4 13. Nec3 Nd7 14. Be2 Nc6 15.
O-O Nd4 16. Rfd1 Rd8 17. Nb1 Qc7 18. Qe1 b6 19. Qf2 Bb7 20. Nd2 Ne5 21. Nf1
Nec6 22. Kh1 Nxe2 23. Qxe2 Nd4 24. Qf2 Rd7 25. Nc3 f5 26. exf5 exf5 27. Ne2
Nxe2 28. Qxe2 Re8 29. Rxd7 Qxd7 30. Rd1 Qf7 31. Qd2 Be5 32. Bf4 Bd4 33. Be3 Be5
34. Bf4 Bd4 35. Be3 Bf6 36. Qd7 Bc8 37. Qc6 f4 38. Bf2 Qe6 39. Rd6 Qe2 40. Kg1
Bf5 41. g4 Rc8 42. Qd5+ Kh8 43. gxf5 gxf5 44. Rxf6 Rg8+ 45. Ng3 fxg3 46. hxg3
Rd8 47. Qxd8+ 1-0